000 00702nam a2200217 i 4500
001 124431
003 ES-MaACL
005 20251015170207.0
008 070326s1925 sp |||| | spa d
080 _a61(091)
100 1 _aDiepgen, Paul.
_944606
245 1 0 _aHistoria de la medicina /
_cpor Paul Diepgen ; traducido de la 2ª edición alemana por E. García del Real.
260 _aBarcelona :
_bLabor,
_c1925.
300 _a222 p. ;
_c17 cm.
490 1 _aColección Labor ;
_v25-26
650 1 4 _aMedicina-
_vHistoria
_914907
700 0 _aGarcía del Real, Eduardo,
_d1870-1946
_954523
830 0 0 _aColección Labor
_v25-26
_9184254
852 _aES-MaACL
_jE-2572
999 _c124431
_d124431